000
00314nam a22001337a 4500
008
170614b xxu||||| |||| 00| 0 eng d
020
_a
9780582020412
041
_a
eng
080
_a
327
100
_a
19
101
_a
SHP
245
_a
THE CHANGING BRITISH POLITICAL SYSTEM INTO
_c
MCKAY.D
942
_2
udc
_c
BK
999
_c
17403
_d
17403